МГД-модели для изучения устойчивости внутренних мод в токамаке; Математическое моделирование кинетических и МГД-процессов в плазме

Detalhes bibliográficos
Parent link:Математическое моделирование кинетических и МГД-процессов в плазме.— 1979.— С. 55-78
Autor principal: Попов А. М.
Outros Autores: Шагиров Е. А.
Idioma:russo
Publicado em: 1979
Assuntos:
Formato: Capítulo de Livro
KOHA link:https://koha.lib.tpu.ru/cgi-bin/koha/opac-detail.pl?biblionumber=594852

MARC

LEADER 00000naa0a2200000 4500
001 594852
005 20250217110402.0
035 |a (RuTPU)RU\TPU\tpu\11895 
035 |a RU\TPU\tpu\11894 
090 |a 594852 
100 |a 20040318d1979 k y0rusy50 ca 
101 0 |a rus 
102 |a RU 
200 1 |a МГД-модели для изучения устойчивости внутренних мод в токамаке  |f А. М. Попов, Е. А. Шагиров 
463 |t Математическое моделирование кинетических и МГД-процессов в плазме  |v С. 55-78  |d 1979 
610 1 |a МГД-модели 
610 1 |a устойчивость 
610 1 |a внутренние моды 
610 1 |a токомаки 
610 1 |a труды учёных ТПУ 
700 1 |a Попов  |b А. М. 
701 1 |a Шагиров  |b Е. А. 
801 1 |a RU  |b 63413507  |c 20040318  |g PSBO 
801 2 |a RU  |b 63413507  |c 20100408  |g PSBO 
942 |c BK